[Event "Stuttgart-chB int"]
[Site "Ditzingen"]
[Date "2016.05.06"]
[Round "4"]
[White "Dallinger, Moritz"]
[Black "Funk, Christian"]
[Result "1-0"]
[WhiteElo "1570"]
[BlackElo "1411"]
[PlyCount "67"]
[EventDate "2016.05.05"]
[EventType "swiss"]
[EventRounds "7"]
[EventCountry "GER"]
[SourceTitle "EXT 2018"]
[Source "ChessBase"]
[SourceDate "2017.10.13"]
[SourceVersion "1"]
[SourceVersionDate "2017.10.13"]
[SourceQuality "1"]

1. e4 e5 2. Nf3 Nc6 3. Bb5 d6 4. c3 Bg4 5. h3 Bh5 6. d3 Be7 7. 0-0 Nf6 8. Re1 0-0 9. Nbd2 a6 10. Ba4 b5 11. Bb3 Na5 12. Bc2 c6 13. Nf1 Qc7 14. Ng3 Bg6 15. Nh4 Nb7 16. Ngf5 Kh8 17. Bg5 h6 18. Bd2 Bh7 19. Qf3 d5 20. exd5 Nxd5 21. Qg3 Bf6 22. d4 Nf4 23. dxe5 Bxe5 24. Bxf4 f6 25. Rxe5 g5 26. Re7 Qxf4 27. Qxf4 gxf4 28. Rxb7 a5 29. Re1 Rad8 30. Ree7 Bxf5 31. Nxf5 Rfe8 32. Rh7+ Kg8 33. Nxh6+ Kf8 34. Rbf7# 1-0